Dua Lipa- We're Good (All Lyrics) - Statistics

General Stats
  • This quiz has been taken 37 times
    33 since last reset
  • The average score is 251 of 294
Answer Stats
Lyrics % Correct
go
100%
good
100%
we
100%
we're
100%
We're
100%
a
96%
an
96%
and
96%
be
96%
be,
96%
I
96%
island,
96%
it
96%
it,
96%
No
96%
So
96%
the
96%
to
96%
(To
96%
when
96%
you
96%
I'm
93%
it's
93%
It's
93%
like
93%
(Like
93%
me
93%
not
93%
Not
93%
on
93%
say
93%
should
93%
alone
89%
cocaine
89%
cocaine)
89%
do
89%
even
89%
sleeping
89%
somebody
89%
you're
89%
all
85%
else
85%
from
85%
meant
85%
simple,
85%
think
85%
with
85%
Can't
81%
could
81%
don't
81%
gonna
81%
goodbye
81%
Let's
81%
let's
81%
my
81%
plain
81%
pretty
81%
rather
81%
silence,
81%
take
81%
this
81%
This
81%
ways
81%
ways,
81%
window
81%
won't
81%
agree
78%
gave
78%
myself
78%
need
78%
want
78%
close
74%
judge
74%
time
74%
wave
74%
what
74%
As
70%
as
70%
at
70%
hide
70%
hold
70%
I'd
70%
least
70%
long
70%
end
67%
if
67%
just
67%
our
67%
seperate
67%
both
63%
get
63%
pissed
63%
knew
59%
Now
59%
swear
59%
would
59%
grudge
56%
burden
52%
against
48%
make
48%
that
48%
best
44%
easy
44%
give
44%
holding
44%
look,
44%
oh)
37%
trying
33%
No matching quizzes found
Score Distribution
Percent of People with Each Score
Percentile by Number Answered
Your Score History
You have not taken this quiz since the last reset